000 00500nam a22001697a 4500
005 20251108164153.0
008 250721s1990 xx 000 0 ara d
082 1 4 _a211.2/علي
100 1 _aجبر، علي حسين
245 1 0 _aالتسهيل في علم التجويد /
264 1 _aعمان :
_bمكتبة الرسالة الحديثة،
_c1990.
300 _a95ص.
650 1 7 _aالقرآن الكريم
650 1 7 _aالعلوم القرآنية
942 _2ddc
_cBK
999 _c5410
_d5410